00680nam a2200193 i 4500001000300000100002300003245008700026260002100113650005700134650003500191040000800226041000800234080002000242942000700262008004100269999001700310856009800327952006100425bg1 aBORKOWSKI, Wacław 0aDynamiczna analiza konstrukcji metodą elementów skończonych /cW. Borkowski. aWarszawa,c1984. 9aMetoda elementów skończonychxmatematykaxmetody 9aAnaliza numerycznaxstosowanie cBPK apol a539.3:624:519.6 cKS s pl f |000 0 pol  c23032d23032 uhttp://koha.tu.koszalin.pl/cgi-bin/koha/opac-detail.pl?biblionumber=23032yKatalog online BPK 00104070aBPKbBPKcwo33014p01560329s2019-01-08yKS